000 00549nam a22002177a 4500
001 35883
003 UA-OsUOA
005 20211019201857.0
007 ta
008 20051222b un ||||| |||| 00| 0 ukr d
040 _aUA-OsUOA
_brus
_cUA-OsUOA
_dUA-OsUOA
041 _arus
080 _a725(470+571)
090 _a725(470+571)
_bП30
245 _aПетропавловская крепость
_cПилявский В. И.
260 _aМ.
300 _a221 с.
650 7 _a72 Архітектура
_2UDC
942 _cBK
_2udc
955 _a2
999 _c322187
_d322187